000 00533nam a22001697a 4500
005 20251108164246.0
008 250721s1970 xx 000 0 ara d
082 1 4 _a621.384/رشد
100 1 _aالحديدي، رشدي
245 1 0 _aفن الراديو و الترانزستور :
_bكتاب شامل عن هندسة الراديو /
250 _aط2.
264 1 _aالقاهرة :
_bدار الكتب،
_c1970.
300 _a515ص : مصطلحات فنية
650 1 7 _aالراديو
942 _2ddc
_cBK
999 _c7679
_d7679